Human resource development in the area of disability rehabilitation (Record no. 406279)

000 -LEADER
fixed length control field 00510cam a22001577a 4500
008 - FIXED-LENGTH DATA ELEMENTS--GENERAL INFORMATION
fixed length control field 180718b2006 xxu||||| |||| 00| 0 eng d
020 ## - INTERNATIONAL STANDARD BOOK NUMBER
International Standard Book Number 8173918260
082 ## - DEWEY DECIMAL CLASSIFICATION NUMBER
Classification number R641 An48
100 ## - MAIN ENTRY--PERSONAL NAME
Personal name Ahluwalia, H.P.S
245 ## - TITLE STATEMENT
Title Human resource development in the area of disability rehabilitation
Statement of responsibility, etc. by H.P.S. Ahluwalia and J.P. Singh
260 ## - PUBLICATION, DISTRIBUTION, ETC.
Place of publication, distribution, etc. New Delhi
Name of publisher, distributor, etc. Kanishka
Date of publication, distribution, etc. 2006
300 ## - PHYSICAL DESCRIPTION
Extent 312p.
650 ## - SUBJECT ADDED ENTRY--TOPICAL TERM
Topical term or geographic name entry element Rehabilitation - Law and Legistation
650 ## - SUBJECT ADDED ENTRY--TOPICAL TERM
Topical term or geographic name entry element Disability Evalution - Law 4 Leey
700 ## - ADDED ENTRY--PERSONAL NAME
Personal name Singh, J.P.
Holdings
Withdrawn status Lost status Damaged status Not for loan Permanent Location Current Location Date acquired Full call number Barcode Date last seen Price effective from Koha item type
        Indian Institute of Public Administration Indian Institute of Public Administration 2006-12-29 R641 An48 81593 2018-07-21 2018-07-21 Book

Powered by Koha